| 000 | 00404nam a2200169Ia 4500 | ||
|---|---|---|---|
| 005 | 20250423095227.0 | ||
| 008 | 250422s9999 xx 000 0 und d | ||
| 020 | _a0-395-5026-0 | ||
| 100 | _aShirley Haley Jame | ||
| 245 | 0 | _aEnglish | |
| 260 | _aBoston | ||
| 260 | _bHoughton Mifflin Company | ||
| 260 | _c1990 | ||
| 300 | _a518 p | ||
| 650 | _aEnglish: Your Communication Resourse | ||
| 942 | _cBK | ||
| 999 |
_c29632 _d29632 |
||